Najpopularniejsze aplikacje na telefon (2022) - Statystyki

Ogólne statystyki
  • Ten quiz został rozwiązany 350 razy
  • Średni wynik to 8 z 20
Statystyki odpowiedzi
Lp Użytkownicy Odpowiedź % Poprawnych
11 11,9 mln Instagram
94%
2 22,5 mln Facebook
90%
12 9,9 mln TikTok
88%
3 22,4 mln Youtube
79%
4 21,2 mln Messenger
76%
1 24,6 mln Google
63%
8 14,5 mln WhatsApp Messenger
58%
18 8 mln Spotify Music
45%
14 9,1 mln Netflix
37%
15 9 mln Allegro
28%
13 9,5 mln OLX.pl
23%
6 18,4 mln Gmail
21%
5 18,9 mln Mapy Google
21%
17 8,1 mln Biedronka
8%
19 6,7 mln Google Duo
8%
7 17,4 mln Wiadomości (Google Inc.)
7%
9 12,1 mln Dysk Google
6%
16 8,4 mln Inpost Mobile
6%
10 12 mln Zdjęcia Google
2%
20 6,3 mln Microsoft OneDrive
1%
Nie znaleziono quizów pasujących do podanych kryteriów
Rozkład punktacji
Procent ludzi z każdym wynikiem
Percentyl według liczby udzielonych odpowiedzi
Twoja historia wyników
Nie rozwiązałeś tego quizu